000 01254nam a22002657a 4500
003 NALT
005 20210803141010.0
008 s2543 th tha d
020 _a9745468886
040 _aNALT
041 _atha
090 _aว QH541.5.C65 ว661น 2543
100 0 _aวิภูษิต มัณฑะจิตร
245 1 0 _aนิเวศวิทยาของหาดทรายชายฝั่งทะเลภาคตะวันออกของประเทศไทย
246 _aSandy beach ecology of the East of Thailand
260 3 _aชลบุรี :
_bมหาวิทยาลัยบูรพา,
_c2543
300 _a135 หน้า :
_b ภาพประกอบ, ตาราง ;
_c 29 ซม.
650 0 4 _aนิเวศวิทยา -- วิจัย
650 0 4 _aนิเวศวิทยาชายฝั่ง -- ไทย (ภาคตะวันออก) -- วิจัย
650 0 4 _aนิเวศวิทยาทะเล -- ไทย (ภาคตะวันออก) -- วิจัย
650 0 4 _aนิเวศวิทยาหาดทราย -- วิจัย
850 _aNALT
942 _cRSH
_2lcc
998 _bSOPAPORN
_j109
_k อารีรัตน์ วิชาช่าง
999 _c30303
_d30303